Fluid mechanics

Збережено в:
Бібліографічні деталі
Автор: Spurk, Joseph H (Автор)
Формат: Книга
Мова:Англійська
Опубліковано: Berlín Springer 1997
Серія:Fundamentals of Enginnering Sciences
Предмети:
Теги: Додати тег
Немає тегів, Будьте першим, хто поставить тег для цього запису!

MARC

LEADER 00000nam a2200000 a 4500
001 UCP1204
003 CL-VaPUC
008 990401e19970000GW |||||||||||||||||eng|d
082 0 4 |a 532  |b SPU  |2 21 
100 0 |a Spurk, Joseph H  |e author  |9 427128 
245 1 0 |a Fluid mechanics 
300 |a 513 p 
942 |c BK 
945 |d 19990401 00:00:00  |a rbrito 
260 |a Berlín  |b Springer  |c 1997 
650 0 |a Mecánica de fluidos   |9 259464 
650 7 |a FISICA DE FLUIDOS  |2 CL-VaPUC  |9 348403 
650 7 |a ENERGIA DE FLUIDOS  |2 CL-VaPUC  |9 348404 
650 0 |a Lípidos   |9 306890 
650 0 |a Gases  |9 260945 
650 0 |a Propiedades físicas  |9 342981 
650 0 |a Viscosidad  |9 260583 
650 0 |a Dinámica  |9 260136 
583 |a last modification  |c 19990401 00:00:00  |k Rodrigo Vera 
490 0 |a Fundamentals of Enginnering Sciences 
999 |c 279911  |d 279909